[Event "CRO-ch U17"]
[White "Mrvac, Petar"]
[Black "Vucenovic, Damian"]
[Site "Vinkovci"]
[Round "3"]
[Result "1-0"]
[Date "2020.07.29"]
[WhiteElo "1848"]
[BlackElo "1959"]
[PlyCount "109"]
[EventDate "2020.07.28"]
[EventType "swiss"]
[EventRounds "9"]
[EventCountry "CRO"]
[SourceTitle "EXT 2021"]
[Source "ChessBase"]
[SourceDate "2020.10.23"]
[SourceVersion "1"]
[SourceVersionDate "2020.10.23"]
[SourceQuality "1"]

1. e4 e5 2. Nf3 Nc6 3. Bc4 Bc5 4. Nc3 Nf6 5. d3 d6 6. h3 Be6 7. Bb3 Qd7 8. Be3 Bb4 9. a3 Ba5 10. Ba4 Bxc3+ 11. bxc3 a6 12. Bg5 b5 13. Bb3 Ne7 14. Bxf6 gxf6 15. d4 Bxb3 16. cxb3 Rg8 17. Rg1 Ng6 18. dxe5 fxe5 19. Qd5 Rb8 20. g3 a5 21. 0-0-0 b4 22. cxb4 axb4 23. a4 Rb6 24. Kb2 Qc6 25. Qd3 Ne7 26. Rc1 Qb7 27. h4 h6 28. Qe3 c5 29. Rgd1 Rg6 30. Nd2 Ra6 31. Nc4 Re6 32. Rd2 Qc7 33. Rcd1 f5 34. f3 Kd8 35. Qd3 fxe4 36. fxe4 Kd7 37. Nxe5+ Rxe5 38. Qxa6 Nc6 39. Qc4 Ne7 40. Rf1 Qc6 41. Rf6 Kc7 42. Rdxd6 Qxd6 43. Rxd6 Kxd6 44. Kc2 Nc6 45. Kd3 Re6 46. Qd5+ Ke7 47. Qxc5+ Kf7 48. a5 Ne5+ 49. Kd4 Kf6 50. Qf8+ Nf7 51. e5+ Kg6 52. Qg8+ Kf5 53. Qxf7+ Kg4 54. Qxe6+ Kh5 55. Qf5# 1-0

[Event "CRO-ch U17/U19"]
[White "Mrvac, Petar"]
[Black "Cotic, Borna"]
[Site "Vinkovci"]
[Round "5"]
[Result "0-1"]
[Date "2019.07.25"]
[WhiteElo "1883"]
[BlackElo "2100"]
[PlyCount "110"]
[EventDate "2019.07.22"]
[EventType "swiss"]
[EventRounds "9"]
[EventCountry "CRO"]
[SourceTitle "EXT 2020"]
[Source "ChessBase"]
[SourceDate "2019.10.17"]
[SourceVersion "1"]
[SourceVersionDate "2019.10.17"]
[SourceQuality "1"]

1. d4 Nf6 2. Bf4 d5 3. e3 c5 4. c3 Nc6 5. Bd3 Qb6 6. Qc1 g6 7. Nd2 Bg7 8. Ngf3 0-0 9. h3 Nd7 10. 0-0 e5 11. Nxe5 Ndxe5 12. Bxe5 Nxe5 13. dxe5 Bxe5 14. Nf3 Bg7 15. Rb1 Qf6 16. Qd1 b6 17. Re1 Be6 18. a3 Rad8 19. Qe2 Rfe8 20. Rbd1 Bd7 21. Bb5 Bc6 22. Bxc6 Qxc6 23. Qd3 Bf6 24. Re2 Re7 25. Red2 Red7 26. Qa6 Kg7 27. a4 h6 28. Qb5 Qe6 29. a5 Rd6 30. Rd3 Qe7 31. R3d2 Qc7 32. a6 Qe7 33. Rd3 Qe4 34. Nd2 Qe6 35. Nf3 h5 36. b4 c4 37. Nd4 Qe4 38. R3d2 Bxd4 39. Rxd4 Qc2 40. Rxd5 Rxd5 41. Rxd5 Rxd5 42. Qxd5 Qxc3 43. b5 h4 44. Kf1 Qc1+ 45. Ke2 Qc2+ 46. Kf3 c3 47. Qd4+ f6 48. Qc4 Qd1+ 49. Ke4 c2 50. Qc7+ Kh6 51. Qf4+ Kg7 52. Qc7+ Kf8 53. Qc8+ Ke7 54. Qc7+ Qd7 55. Qxc2 Qf5+ 0-1